SEDA (Record no. 120808)

MARC details
000 -LEADER
fixed length control field 00805cai a22001815a 4500
001 - CONTROL NUMBER
control field E147941
008 - FIXED-LENGTH DATA ELEMENTS--GENERAL INFORMATION
fixed length control field 090702u xxk g 000 0 eng d
035 ## - SYSTEM CONTROL NUMBER
System control number (Sirsi) u147941
041 0# - LANGUAGE CODE
Language code of text/sound track or separate title eng
110 2# - MAIN ENTRY--CORPORATE NAME
Corporate name or jurisdiction name as entry element Scottish Ecological Design Association
9 (RLIN) 5761
245 00 - TITLE STATEMENT
Title SEDA
Remainder of title Scottish Ecological Design Association
Medium [electronic resource]
520 ## - SUMMARY, ETC.
Summary, etc. Website for SEDA, which is a charity aimed at promoting the design of buildings, services and products which are not harmful to the natural world. Includes links to design guides, articles, a magazine, and provides more information on SEDA and its aims.
590 ## - LOCAL NOTE (RLIN)
Local note KA
651 #4 - SUBJECT ADDED ENTRY--GEOGRAPHIC NAME
Geographic name Scotland
Chronological subdivision 1999-
690 ## - LOCAL SUBJECT ADDED ENTRY--TOPICAL TERM (OCLC, RLIN)
Topical term or geographic name as entry element ENVIRONMENTAL AND LAND CONSULTANCY
856 40 - ELECTRONIC LOCATION AND ACCESS
Uniform Resource Identifier <a href="https://www.seda2.org/">https://www.seda2.org/</a>
Public note View the website free of charge at www.seda2.org...
942 ## - ADDED ENTRY ELEMENTS (KOHA)
Suppress in OPAC 0
Holdings
Withdrawn status Lost status Source of classification or shelving scheme Damaged status Not for loan Home library Current library Shelving location Date acquired Total Checkouts Full call number Barcode Date last seen Copy number Price effective from Koha item type
    Dewey Decimal Classification     Virtual Virtual Online 02/07/2009   WEBSITE 147941-2001 06/08/2019 1 06/08/2019 Online material